| 000 | 00000nam##2200000za#4500 |
| 001 | 9.676125 |
| 003 | CaOODSP |
| 005 | 20210624225639 |
| 007 | cr ||||||||||| |
| 008 | 150407|1995||||xxc|||||o f|0| 0 eng|d |
| 040 | |aCaOODSP|beng |
| 041 | |aeng |
| 041 | |afre |
| 043 | |an-cn--- |
| 086 | 1 |aCS94-325/1995-PDF |
| 245 | 00|aProfile of Canada's Aboriginal population |h[electronic resource] |
| 246 | 1 |iSeries title also given on publication as : |aAboriginal Data |
| 260 | |aOttawa - Ontario : |bStatistics Canada |c1995. |
| 500 | |aHistorical census publication digitized by Statistics Canada. |
| 590 | |a13-04-Supp|b2013-02-13 |
| 690 | 07|aIndigenous peoples|2gcpds |
| 690 | 07|aCensus data|2gcpds |
| 710 | 2 |aStatistics Canada. |
| 792 | |tProfil de la population autochtone au Canada |efre|w(CaOODSP)9.676126 |
| 856 | 40|ahttp://publications.gc.ca|qPDF|s15.4 MB|uhttps://publications.gc.ca/collections/collection_2013/statcan/rh-hc/CS94-325-1995.pdf |